Dicionário universal portuguez illustrado (Registo nº 201488)

Detalhes MARC
000 -Etiqueta do registo
Valores 00799nam 22001573 4500
100 ## - Dados gerais de processamento
Dados gerais 20260324d u||y0pory50 ba
200 ## - Titulo e menção de responsabilidade
Título próprio Dicionário universal portuguez illustrado
Informação de outro título linguistico, scientifico, historico, geographico, chronologico, biographico, litterario, poetico, mythologico, bibliiographico, artistico, industrial, technologico
-- obra ilustrada com muitas centenas de gravuras e retratos redigida pelos principaes escriptores, segundo os trabalhos mais recentes
Primeira menção de responsabilidade editada por Henrique Zeferino de Albuquerque
210 ## - Publicação
Local de publicação Lisboa
Nome do editor Typographia Zeferino de Albuquerque
Data de publicação 1882-1884
215 ## - Descrição física 
Paginação / Volumes Vários volumes
Outras indicações físicas encadernado
Dimensões 32 cm
606 ## - Nome comum usado como assunto
ID Autoridade 3131
Palavra de ordem Dicionários
675 ## - CDU
Notação 030
Edição PT
Língua por
801 ## - Fonte de origem
País PT
Agência BMMN
Regras de catalogação RPC
830 ## - Notas gerais do catalogador
Criado por Fernando
Indexado por Fernando
990 ## - Elementos KOHA
Tipo de documento Livro

Não há exemplares disponíveis.

Powered by Koha